000 00768nam a22002657a 4500
001 BR8104845
003 BR-BrBNA
005 20230928091026.0
007 ta
008 230509b bl.||||| |||| 00| 0 por d
040 _aBR-BrBNA
_bpor
_cBiblioteca Nacional de Agricultura
041 _a(Por)
072 _aK10
_b/G514
090 _ K10 BR8104845
110 1 _aInstituto Estadual de Florestas, Belo Horizonte, MG (Brasil)
_96336
245 1 _aReflorestamento, protecao e fonte de riqueza [Minas Gerais, Brasil]
260 3 _aBelo Horizonte, MG (Brasil):
_c[nd].
300 _a32 p.
500 _aPublished 1981?
650 _aREFLORESTAMENTO
650 _aPOLITICA FISCAL
650 _aMINAS GERAIS
909 _a202309
_bLucia
_c55
_dLucia Elande
942 _cBK
999 _c31820
_d31820